=LDR 00000nam 2200000 4500 =001 INLIS000000000044151 =005 20131008105105 =008 ***********************************ind** =035 ##$$0010-101300000002073 =041 ##$$a ind =082 ##$$a 819.9 =090 ##$$a 819.9, MAR u =100 ##$$a Mardiyanto =245 ##$$a Umbul Tlatar Sumberair Lindak Pernah Kering, Mardiyanto =260 ##$$a 2006 $b Jakarta =300 ##$$a vi, 66 hlm., ilus , 21 cm =650 ##$$a Kesusasteraan Jawa =850 ##$$a NBPNMAT